Podia Roberta Kubicy w F1 - Statystyki

Ogólne statystyki
  • Ten quiz został rozwiązany 104 razy
  • Średni wynik to 8 z 12
Statystyki odpowiedzi
Rok # Grand Prix % Poprawnych
2008 2 Monako
89%
2010 3 Monako
89%
2006 3 Włoch
81%
2008 3 Wloch
81%
2008 1 Kanady
75%
2008 2 Japonii
57%
2008 3 Bahrajnu
56%
2009 2 Brazylii
55%
2010 2 Australii
54%
2010 3 Belgii
54%
2008 2 Malezji
50%
2008 3 Europy
42%
Nie znaleziono quizów pasujących do podanych kryteriów
Rozkład punktacji
Procent ludzi z każdym wynikiem
Percentyl według liczby udzielonych odpowiedzi
Twoja historia wyników
Nie rozwiązałeś tego quizu